LEADER 02154nam 2200589Ia 450 001 9910451152203321 005 20200520144314.0 010 $a1-281-36562-9 010 $a9786611365622 010 $a1-4039-8342-9 024 7 $a10.1057/9781403983428 035 $a(CKB)1000000000342568 035 $a(SSID)ssj0000223559 035 $a(PQKBManifestationID)11173373 035 $a(PQKBTitleCode)TC0000223559 035 $a(PQKBWorkID)10201436 035 $a(PQKB)10061932 035 $a(DE-He213)978-1-4039-8342-8 035 $a(MiAaPQ)EBC308284 035 $a(Au-PeEL)EBL308284 035 $a(CaPaEBR)ebr10150430 035 $a(CaONFJC)MIL136562 035 $a(OCoLC)567962759 035 $a(EXLCZ)991000000000342568 100 $a20060120d2006 uy 0 101 0 $aeng 135 $aurnn#008mamaa 181 $ctxt 182 $cc 183 $acr 200 14$aThe political economy of U.S. militarism$b[electronic resource] /$fIsmael Hossein-zadeh 205 $a1st ed. 210 $aNew York $cPalgrave Macmillan$d2006 215 $a1 online resource (304 p.) 300 $aBibliographic Level Mode of Issuance: Monograph 311 $a1-349-53408-0 311 $a1-4039-7285-0 320 $aIncludes bibliographical references (p. [283]-289) and index. 330 $aThis wide-ranging, interdisciplinary analysis blends history, economics, and politics to challenge the prevailing accounts of the rise of U.S. militarism. While acknowledging the contributory role of some of the most widely-cited culprits, this study explores the bigger, but largely submerged, picture: the political economy of war and militarism. 606 $aMilitary-industrial complex$zUnited States 607 $aUnited States$xMilitary policy$xEconomic aspects 608 $aElectronic books. 615 0$aMilitary-industrial complex 676 $a338.4/735500973 700 $aHossein-zadeh$b Ismael$f1946-$0657662 801 0$bMiAaPQ 801 1$bMiAaPQ 801 2$bMiAaPQ 906 $aBOOK 912 $a9910451152203321 996 $aThe political economy of U.S. militarism$92017959 997 $aUNINA